Statistics for WWE Catchphrases

Click here to take the quiz!

General Stats

  • This quiz has been taken 11 times
  • The average score is 13 of 25

Answer Stats

CatchphrasesAnswer% Correct
You're FIIIIIRED!!!Vince McMahon
80%
The best there is, the best there was, the best there ever will beBret "The Hitman" Hart
80%
It doesn't matter what you think!The Rock
80%
The Champ Is Here!John Cena
70%
You just made the list!Chris Jericho
70%
Every man has a price for the Million Dollar Man!Ted DiBiase
70%
Brother!Hulk Hogan
70%
Have a nice day!Mick Foley
60%
Delete, Delete, DeleteMatt Hardy
60%
EXCUSE ME!Vickie Guerrero
60%
Im the _________, And Im coming to get you!The Boogeyman
60%
Ladies and gentleman, my name, is ____ ______Paul Heyman
60%
Are you ready?D-Generation-X
50%
I'm not a bad guy, I'm not a good guy, Im just the guyRoman Reigns
50%
Hello Ladies!Val Venis
50%
It's me, it's me, its that G,O double GRoad Dogg
40%
Whasaaaaaap!Dudley Boyz
40%
Glorious!Bobby Roode
40%
___ ___ Rocks! ___ ___ Rocks!New Day
40%
Hey yo!Scott Hall
40%
Holla if you hear me!Scott Steiner
30%
Stone cold! Stone cold! Stone cold!Jim Ross
30%
Whats up with that?The Hurricane
30%
Vintage!Michael Cole
30%
Ohhh Yesss!Paul Bearer
10%

Score Distribution

Percentile by Number Answered

Percent of People with Each Score

Your Score History

You have not taken this quiz